Jak Wojtek został strażakiem /

-д хадгалсан:
Номзүйн дэлгэрэнгүй
Үндсэн зохиолч: Janczarski, Czesław (1911-1971)
Байгууллагын зохиогч: Wydawnictwo "Nasza Księgarnia"
Бусад зохиолчид: Bocianowski, Bohdan (1911-1983) (Ilustracje)
Формат: Ном
Хэл сонгох:польш
Хэвлэсэн: Warszawa : Instytut Wydawniczy "Nasza Księgarnia", 1980.
Хэвлэл:Wydanie XIII.
Цуврал:Lektura Szkolna (Wydawnictwo "Nasza Księgarnia")
Нөхцлүүд:
Шошгууд: Шошго нэмэх
Шошго байхгүй, Энэхүү баримтыг шошголох эхний хүн болох!

MARC

LEADER 00000cam#a2200000#i#4500
001 9914913087405606
005 20260515140228.0
008 120124s1980 pl a b 00 p pol d
020 |a 8310077904 
035 |a 294541-48omnis_network 
035 |a (PL)b0001490071069 
040 |a POZN M  |c POZN M 
080 |a 821.162.1-93 
090 |c 114  |d 113 
100 1 |a Janczarski, Czesław  |d (1911-1971) 
245 1 0 |a Jak Wojtek został strażakiem /  |c napisał Czesław Janczarski ; ilustrował Bohdan Bocianowski. 
250 |a Wydanie XIII. 
260 |a Warszawa :  |b Instytut Wydawniczy "Nasza Księgarnia",  |c 1980. 
300 |a [24] strony :  |b ilustracje kolorowe ;  |c 26 cm. 
490 1 |a Lektura Szkolna I 
521 8 |a Lektura szkolna dla klasy I. 
650 7 |a Poezja dziecięca polska  |y 20 w. 
700 1 |a Bocianowski, Bohdan  |d (1911-1983)  |e Ilustracje 
710 2 |a Wydawnictwo "Nasza Księgarnia" 
830 0 |a Lektura Szkolna (Wydawnictwo "Nasza Księgarnia") 
920 |a 83-10-07790-4 
942 |c K 
952 |0 0  |1 0  |4 0  |6 R__81_000000000000000  |7 0  |9 108  |a RYT  |b RYT  |d 2026-05-13  |e 1/2014  |g 10.00  |l 0  |o R.81  |p 2000000000817  |r 2026-05-15 14:02:28  |w 2026-05-15  |y BK  |z da 
999 |c 108  |d 108